Hệ thống thông minh quản lý và điều hành Taxi : Luận văn Thạc sĩ Công nghệ thông tin. Chuyên ngành Hệ thống thông tin

Xây dựng hệ thống thông minh phục vụ việc quản lý và điều hành taxi cho các doanh nghiệp kinh doanh dịch vụ taxi, cung cấp cho tài xế các công cụ hỗ trợ việc thực hiện chuyến đi thuận tiện hơn đặc biệt trong đó có chức năng xem và cập nhậ...

全面介绍

Đã lưu trong:
书目详细资料
主要作者: Nguyễn, Xuân An
格式: 图书
语言:Undetermined
出版: Cần Thơ Trường Đại học Cần Thơ 2017
主题:
标签: 添加标签
没有标签, 成为第一个标记此记录!
Thư viện lưu trữ: Trung tâm Học liệu Trường Đại học Cần Thơ
LEADER 01157nam a2200193Ia 4500
001 CTU_224585
008 210402s9999 xx 000 0 und d
082 |a 004.21 
082 |b A105 
100 |a Nguyễn, Xuân An 
245 0 |a Hệ thống thông minh quản lý và điều hành Taxi : 
245 0 |b Luận văn Thạc sĩ Công nghệ thông tin. Chuyên ngành Hệ thống thông tin 
245 0 |c Nguyễn Xuân An ; Phạm Thị Ngọc Diễm (Cán bộ hướng dẫn) 
260 |a Cần Thơ 
260 |b Trường Đại học Cần Thơ 
260 |c 2017 
520 |a Xây dựng hệ thống thông minh phục vụ việc quản lý và điều hành taxi cho các doanh nghiệp kinh doanh dịch vụ taxi, cung cấp cho tài xế các công cụ hỗ trợ việc thực hiện chuyến đi thuận tiện hơn đặc biệt trong đó có chức năng xem và cập nhật các điểm kẹt xe. 
650 |a Hệ thống thông tin,Information systems 
980 |a Trung tâm Học liệu Trường Đại học Cần Thơ